[Event "Chorzow op"]
[Site "Chorzow"]
[Date "2010.03.27"]
[Round "8"]
[White "Mirek, Lukasz"]
[Black "Hendel, Kazimierz"]
[Result "0-1"]
[WhiteElo "1643"]
[BlackElo "1686"]
[PlyCount "116"]
[EventDate "2010.03.20"]
[EventType "swiss"]
[EventRounds "9"]
[EventCountry "POL"]
[SourceTitle "EXT 2012"]
[Source "ChessBase"]
[SourceDate "2011.11.24"]
[SourceVersion "1"]
[SourceVersionDate "2011.11.24"]
[SourceQuality "1"]

1. e4 c6 2. d4 d5 3. Nc3 dxe4 4. Nxe4 Bf5 5. Ng3 e6 6. Nxf5 Qa5+ 7. c3 Qxf5 8. Bd3 Qd5 9. Nf3 h6 10. c4 Qd8 11. Bd2 Be7 12. Bc3 Bf6 13. Bc2 Ne7 14. Qd3 Nd7 15. 0-0-0 Ng6 16. g3 Qc7 17. Qe2 Ne7 18. Ne1 0-0-0 19. f4 Rhe8 20. Nf3 Nf5 21. Qf2 Nd6 22. b3 g6 23. Rd2 Bg7 24. Rhd1 Nf6 25. Re1 Ng4 26. Qg1 f5 27. h3 Nf6 28. Ne5 Nfe4 29. Rd3 Nxc3 30. Rxc3 Bxe5 31. dxe5 Qa5 32. b4 Qxa2 33. exd6 Qa1+ 34. Kd2 Rxd6+ 35. Rd3 Rxd3+ 36. Bxd3 Qb2+ 37. Ke3 e5 38. fxe5 Qxe5+ 39. Kd2 Qb2+ 40. Kd1 Qb3+ 41. Bc2 Rd8+ 42. Kc1 Qa3+ 43. Kb1 Qxb4+ 44. Kc1 a5 45. Qe3 Kb8 46. Rd1 Rxd1+ 47. Kxd1 Qd6+ 48. Qd3 Kc7 49. Ke2 Qe5+ 50. Qe3 Kd6 51. g4 fxg4 52. hxg4 g5 53. Ba4 Qxe3+ 54. Kxe3 Kc5 55. Ke4 Kxc4 56. Kf5 b5 57. Bd1 a4 58. Bxa4 bxa4 0-1

[Event "Chorzow op"]
[Site "Chorzow"]
[Date "2010.03.25"]
[Round "6"]
[White "Bogacki, Henryk"]
[Black "Hendel, Kazimierz"]
[Result "0-1"]
[WhiteElo "1615"]
[BlackElo "1686"]
[PlyCount "100"]
[EventDate "2010.03.20"]
[EventType "swiss"]
[EventRounds "9"]
[EventCountry "POL"]
[SourceTitle "EXT 2012"]
[Source "ChessBase"]
[SourceDate "2011.11.24"]
[SourceVersion "1"]
[SourceVersionDate "2011.11.24"]
[SourceQuality "1"]

1. e4 d5 2. exd5 Qxd5 3. Nc3 Qa5 4. d4 c6 5. Nf3 Nf6 6. Bd2 Qd8 7. h3 Bf5 8. Bc4 e6 9. a4 Nbd7 10. 0-0 Be7 11. Re1 0-0 12. Nh4 Nb6 13. Bb3 Bg6 14. Nxg6 hxg6 15. Bg5 Nfd5 16. Bxe7 Nxe7 17. Qg4 Nbd5 18. Ne2 Nf5 19. c3 Qh4 20. Qf3 Qg5 21. g4 Nh4 22. Qg3 Qf6 23. f4 g5 24. Rf1 Qh6 25. Bc2 gxf4 26. Nxf4 g5 27. Nh5 f5 28. Qe5 fxg4 29. hxg4 Nf3+ 30. Rxf3 Rxf3 31. c4 Re3 32. Qh2 Nf4 33. Rf1 Re2 34. Nf6+ Kg7 35. Qxh6+ Kxh6 36. Bd1 Rg2+ 37. Kh1 Rxb2 38. Bf3 Rd8 39. d5 cxd5 40. cxd5 exd5 41. Rd1 Kg6 42. Nxd5 Rh8+ 43. Kg1 Rhh2 44. Nxf4+ gxf4 45. Bxb7 Rhd2 46. Be4+ Kg5 47. Rf1 Kxg4 48. Bf3+ Kg3 49. Bc6 Rf2 50. Rd1 f3 0-1

[Event "Chorzow op"]
[Site "Chorzow"]
[Date "2010.03.22"]
[Round "3"]
[White "Richter, Bronislaw"]
[Black "Hendel, Kazimierz"]
[Result "1-0"]
[WhiteElo "1834"]
[BlackElo "1686"]
[PlyCount "91"]
[EventDate "2010.03.20"]
[EventType "swiss"]
[EventRounds "9"]
[EventCountry "POL"]
[SourceTitle "EXT 2012"]
[Source "ChessBase"]
[SourceDate "2011.11.24"]
[SourceVersion "1"]
[SourceVersionDate "2011.11.24"]
[SourceQuality "1"]

1. d4 d5 2. Nc3 c6 3. e4 dxe4 4. Nxe4 Bf5 5. Ng3 e6 6. Nf3 Nd7 7. Bd3 Bxd3 8. Qxd3 Ngf6 9. 0-0 Be7 10. c4 Bd6 11. Bd2 Bxg3 12. fxg3 h6 13. Qe2 Nb6 14. Bb4 a5 15. Ba3 Nbd7 16. Kh1 Qc7 17. Ne5 c5 18. Nxd7 Nxd7 19. Qf2 f6 20. dxc5 Kf7 21. b3 Rhe8 22. Rad1 Rad8 23. Rd6 Ne5 24. Rfd1 Rxd6 25. cxd6 Qc6 26. Qe2 Rd8 27. Rf1 Kg8 28. g4 Qd7 29. c5 Nc6 30. Re1 e5 31. Qc4+ Qf7 32. Qe4 g6 33. Rf1 Kg7 34. h4 Rd7 35. Bb2 Qe6 36. Rf3 Rf7 37. a3 f5 38. gxf5 Rxf5 39. b4 Rxf3 40. Qxf3 axb4 41. axb4 Qc4 42. Qg3 Qf1+ 43. Kh2 Qf5 44. b5 Nd4 45. d7 Ne6 46. Qxe5+ 1-0

[Event "Chorzow op 45th"]
[Site "Chorzow"]
[Date "2009.03.29"]
[Round "2"]
[White "Sobek, Piotr"]
[Black "Hendel, Kazimierz"]
[Result "0-1"]
[WhiteElo "1866"]
[BlackElo "1671"]
[PlyCount "88"]
[EventDate "2009.03.28"]
[EventType "swiss"]
[EventRounds "9"]
[EventCountry "POL"]
[SourceTitle "CBM 129 Extra"]
[Source "ChessBase"]
[SourceDate "2009.05.05"]
[SourceVersion "2"]
[SourceVersionDate "2009.05.20"]
[SourceQuality "1"]

1. e4 c6 2. d4 d5 3. e5 Bf5 4. Bd3 Bxd3 5. Qxd3 e6 6. Nf3 Nd7 7. c4 Bb4+ 8. Bd2 dxc4 9. Qxc4 Bxd2+ 10. Nbxd2 Nb6 11. Qe2 Ne7 12. 0-0 Nf5 13. Nb3 Nd5 14. Rfd1 h6 15. Rac1 g5 16. Nc5 Qe7 17. h3 h5 18. Ne4 g4 19. hxg4 hxg4 20. Nfg5 g3 21. Qf3 gxf2+ 22. Kxf2 0-0-0 23. Nd6+ Rxd6 24. exd6 Qxg5 25. Kg1 Qe3+ 26. Qxe3 Nfxe3 27. Rd3 Rg8 28. Rd2 Kd7 29. Rf2 f5 30. Re1 Kxd6 31. Rfe2 Rg4 32. Rd2 Re4 33. g3 Nf6 34. Kf2 Neg4+ 35. Kf1 Rxe1+ 36. Kxe1 Ne4 37. Rd3 Kd5 38. b3 Ngf2 39. Rf3 Kxd4 40. Rxf2 Nxf2 41. Kxf2 e5 42. Ke2 e4 43. Kd2 c5 44. a3 b5 0-1

[Event "POL-ch Seniors"]
[Site "Swietochlowice"]
[Date "2008.10.06"]
[Round "9.14"]
[White "Tchorzewski, Kazimierz"]
[Black "Hendel, Kazimierz"]
[Result "1-0"]
[WhiteElo "1858"]
[BlackElo "1667"]
[PlyCount "67"]
[EventDate "2008.09.30"]
[EventType "swiss"]
[EventRounds "9"]
[EventCountry "POL"]
[SourceTitle "EXT 2023"]
[Source "ChessBase"]
[SourceDate "2022.10.05"]
[SourceVersion "1"]
[SourceVersionDate "2022.10.05"]
[SourceQuality "1"]

1. e4 e5 2. Nf3 Nc6 3. Bb5 d6 4. 0-0 Be7 5. c3 Bd7 6. d4 exd4 7. cxd4 a6 8. Bc4 Bg4 9. Qb3 Bxf3 10. Bxf7+ Kf8 11. Bxg8 Rxg8 12. Qxf3+ Bf6 13. Be3 Qd7 14. Nc3 Qf7 15. Rad1 g5 16. Nd5 Bd8 17. Qg3 h5 18. f4 g4 19. f5 Bg5 20. Bxg5 Rxg5 21. Nf4 Qf6 22. e5 dxe5 23. Ne6+ Kf7 24. Nxg5+ Qxg5 25. dxe5 Qe7 26. Qb3+ Ke8 27. e6 Rd8 28. Rxd8+ Nxd8 29. Qc3 Qg5 30. Qh8+ Ke7 31. f6+ Kxe6 32. Qxd8 Qc5+ 33. Kh1 Qb5 34. Qe7+ 1-0

[Event "POL-ch Seniors"]
[Site "Swietochlowice"]
[Date "2008.10.02"]
[Round "3.15"]
[White "Krzempek, Angelika"]
[Black "Hendel, Kazimierz"]
[Result "1-0"]
[WhiteElo "1600"]
[BlackElo "1667"]
[PlyCount "120"]
[EventDate "2008.09.30"]
[EventType "swiss"]
[EventRounds "9"]
[EventCountry "POL"]
[SourceTitle "EXT 2023"]
[Source "ChessBase"]
[SourceDate "2022.10.05"]
[SourceVersion "1"]
[SourceVersionDate "2022.10.05"]
[SourceQuality "1"]

1. e4 d5 2. exd5 Qxd5 3. Nc3 Qa5 4. d4 c6 5. Nf3 Nf6 6. Bd2 Qd8 7. Bd3 Bg4 8. Be3 Nbd7 9. Ne4 e5 10. c3 Nxe4 11. Bxe4 f5 12. Bc2 e4 13. h3 exf3 14. hxg4 fxg2 15. Rg1 fxg4 16. Qxg4 Nf6 17. Qh3 Qd5 18. Bb3 Qe4 19. Rxg2 a5 20. 0-0-0 a4 21. Bc2 Qd5 22. Bb1 Qd7 23. Qf3 Qd5 24. Qh3 Kd8 25. Rg5 Qd7 26. Qf3 h6 27. Rf5 Kc7 28. d5 Rd8 29. Qf4+ Bd6 30. Qxa4 c5 31. Qa5+ Kb8 32. Bxc5 Bxc5 33. Qxc5 Qd6 34. Qd4 Rhe8 35. f3 Re2 36. Bd3 Rh2 37. Qg1 Rh5 38. Rxh5 Nxh5 39. Kb1 g5 40. Be4 Nf4 41. Qg4 Qe5 42. c4 Rd6 43. Qf5 Qxf5 44. Bxf5 Kc7 45. b4 b6 46. Re1 Kd8 47. Kc2 Rf6 48. Be4 Ng2 49. Re2 Nf4 50. Rd2 h5 51. c5 h4 52. d6 bxc5 53. bxc5 h3 54. a4 Ng2 55. Kc3 Ne1 56. Rh2 Nxf3 57. Rxh3 Nh4 58. Bc6 Rf4 59. Re3 Rf8 60. Re7 Nf5 1-0

[Event "Chorzow op"]
[Site "Chorzow"]
[Date "2008.04.04"]
[Round "9"]
[White "Hendel, Kazimierz"]
[Black "Klementys, Jerzy"]
[Result "0-1"]
[WhiteElo "1689"]
[BlackElo "1884"]
[PlyCount "102"]
[EventDate "2008.03.29"]
[EventType "swiss"]
[EventRounds "9"]
[EventCountry "POL"]
[SourceTitle "EXT 2010"]
[Source "ChessBase"]
[SourceDate "2010.11.25"]
[SourceVersion "1"]
[SourceVersionDate "2010.11.25"]
[SourceQuality "1"]

1. e4 c5 2. f4 Nc6 3. Nf3 d6 4. c3 g6 5. Bb5 Bg7 6. 0-0 e6 7. e5 d5 8. d4 Qb6 9. Qe2 cxd4 10. Nxd4 Nge7 11. Be3 Qc7 12. Ba4 0-0 13. Nxc6 Nxc6 14. Bc5 Re8 15. Bd6 Qb6+ 16. Qf2 Qxf2+ 17. Rxf2 Bd7 18. Na3 Nxe5 19. fxe5 Bxa4 20. Raf1 Bf8 21. Rxf7 Bxd6 22. exd6 Bc6 23. Re7 Rxe7 24. dxe7 Re8 25. Rf8+ Rxf8 26. exf8Q+ Kxf8 27. Kf2 Ke7 28. Ke3 g5 29. Nc2 e5 30. g3 h5 31. Nb4 Ke6 32. Nd3 Kf5 33. Nf2 a5 34. Nd3 b6 35. a3 Bb5 36. Nf2 a4 37. Nd1 Ke6 38. Nf2 Bf1 39. Nd1 Kd6 40. Kf2 Bh3 41. Ne3 Kc5 42. Ke2 d4 43. cxd4+ exd4 44. Nc2 Kc4 45. Kd2 Bf5 46. Ne1 Be4 47. h4 g4 48. b4 Kb3 49. Nd3 Bxd3 50. Kxd3 Kxa3 51. Kc4 d3 0-1

[Event "Chorzow op"]
[Site "Chorzow"]
[Date "2008.03.29"]
[Round "3"]
[White "Hendel, Kazimierz"]
[Black "Wandzik, Wojciech"]
[Result "0-1"]
[WhiteElo "1689"]
[BlackElo "2009"]
[PlyCount "112"]
[EventDate "2008.03.29"]
[EventType "swiss"]
[EventRounds "9"]
[EventCountry "POL"]
[SourceTitle "EXT 2010"]
[Source "ChessBase"]
[SourceDate "2010.11.25"]
[SourceVersion "1"]
[SourceVersionDate "2010.11.25"]
[SourceQuality "1"]

1. e4 d5 2. exd5 Qxd5 3. Nf3 Nf6 4. Nc3 Qa5 5. Bc4 Bf5 6. 0-0 c6 7. Re1 e6 8. Re5 Qc7 9. h3 Bd6 10. Re2 Nbd7 11. d4 0-0-0 12. Bd3 Bxd3 13. Qxd3 Kb8 14. Bg5 h6 15. Be3 g5 16. Ne4 Nxe4 17. Qxe4 Nf6 18. Qd3 g4 19. hxg4 Nxg4 20. Qe4 Rdg8 21. Ne5 f5 22. Qf4 Ka8 23. f3 Nxe5 24. dxe5 Bxe5 25. Qa4 c5 26. Rd1 Rd8 27. c3 Rd5 28. Rxd5 exd5 29. Qb5 Bd6 30. Qd3 Qf7 31. Qb5 a6 32. Qb6 Qe7 33. Kf1 Re8 34. b4 Bf4 35. Qa7+ Kxa7 36. Bxc5+ Qxc5 37. bxc5 Be3 38. f4 Re4 39. g3 Kb8 40. Kg2 Kc7 41. Kf1 Bxc5 42. Rh2 Re6 43. Rh5 Rf6 44. Ke2 Kc6 45. Kf3 d4 46. cxd4 Bxd4 47. g4 fxg4+ 48. Kxg4 b5 49. Rh2 b4 50. f5 a5 51. Kf4 Kd5 52. Rd2 a4 53. Rd3 Rf8 54. Rh3 Be5+ 55. Kg4 Rg8+ 56. Kf3 b3 0-1

[Event "Chorzow op"]
[Site "Chorzow"]
[Date "2007.03.25"]
[Round "4"]
[White "Hendel, Kazimierz"]
[Black "Ociepka, Tomasz"]
[Result "1-0"]
[WhiteElo "1673"]
[BlackElo "1914"]
[PlyCount "75"]
[EventDate "2007.03.24"]
[EventType "swiss"]
[EventRounds "9"]
[EventCountry "POL"]
[SourceTitle "EXT 2011"]
[Source "ChessBase"]
[SourceDate "2010.11.26"]
[SourceVersion "1"]
[SourceVersionDate "2010.11.26"]
[SourceQuality "1"]

1. e4 c5 2. f4 Nc6 3. Nf3 g6 4. Bc4 Bg7 5. 0-0 d6 6. c3 e6 7. d4 cxd4 8. cxd4 Qb6 9. e5 dxe5 10. fxe5 Nxe5 11. Nxe5 Bxe5 12. Qf3 Qxd4+ 13. Kh1 Nf6 14. Bb5+ Bd7 15. Bxd7+ Qxd7 16. Bg5 Nd5 17. Nc3 Nxc3 18. bxc3 0-0 19. Bf6 Bxf6 20. Qxf6 Rac8 21. Rad1 Qc7 22. Rd3 Rcd8 23. Rdf3 Rd2 24. h4 Rxa2 25. h5 Ra5 26. h6 Rh5+ 27. Rh3 Rxh6 28. Rxh6 Rc8 29. Rh3 h5 30. Rd3 Rf8 31. Rfd1 h4 32. Rd8 h3 33. Rxf8+ Kxf8 34. Rd8+ Qxd8 35. Qxd8+ Kg7 36. gxh3 e5 37. Qe7 b6 38. Qxe5+ 1-0

[Event "Chorzow op"]
[Site "Chorzow"]
[Date "2007.03.24"]
[Round "3"]
[White "Kielar, Maciej"]
[Black "Hendel, Kazimierz"]
[Result "1/2-1/2"]
[WhiteElo "1940"]
[BlackElo "1673"]
[PlyCount "137"]
[EventDate "2007.03.24"]
[EventType "swiss"]
[EventRounds "9"]
[EventCountry "POL"]
[SourceTitle "EXT 2011"]
[Source "ChessBase"]
[SourceDate "2010.11.26"]
[SourceVersion "1"]
[SourceVersionDate "2010.11.26"]
[SourceQuality "1"]

1. e4 d5 2. exd5 Qxd5 3. Nf3 Nf6 4. Nc3 Qa5 5. Be2 c6 6. 0-0 Bg4 7. d4 e6 8. h3 Bh5 9. Bf4 Nbd7 10. a3 Be7 11. b4 Qd8 12. b5 Nd5 13. Nxd5 cxd5 14. a4 Rc8 15. a5 Bg6 16. Ne1 0-0 17. Ra4 Nf6 18. f3 Bd6 19. Bxd6 Qxd6 20. Bd3 Bxd3 21. Nxd3 Rc4 22. Rxc4 dxc4 23. Nc5 b6 24. axb6 axb6 25. Na4 Nd5 26. Qb1 Ne3 27. c3 Nxf1 28. Qxf1 Rc8 29. Qe2 Ra8 30. Qxc4 Qa3 31. Nxb6 Qc1+ 32. Kf2 Qd2+ 33. Qe2 Qxe2+ 34. Kxe2 Rb8 35. Nc4 Rxb5 36. Kd3 Kf8 37. Ne3 Ke7 38. Kc4 Rb2 39. Kd3 f5 40. Nc2 Kd6 41. Ne3 Rf2 42. f4 Rxf4 43. Ke2 Re4 44. Kf2 f4 45. Nc2 f3 46. Kxf3 Rh4 47. Ne3 g5 48. Ng4 h5 49. Nf2 Rf4+ 50. Ke3 Rf8 51. Ne4+ Kd5 52. Nxg5 Rf1 53. Nf3 Rc1 54. Kd3 Rb1 55. Nd2 Rg1 56. Nc4 Rd1+ 57. Nd2 h4 58. c4+ Kc6 59. Ke2 Rg1 60. Kf2 Rd1 61. d5+ exd5 62. cxd5+ Kxd5 63. Nf3 Ke4 64. Nxh4 Kf4 65. Nf3 Ra1 66. g3+ Kf5 67. Ng1 Ra3 68. Ne2 Ke4 69. h4 1/2-1/2